Fundamentos de termodinamica / Gordon Van Wylen, Richard E. Sonntag (Registro nro. 18886)
[ vista simple ]
| 000 -LÍDER | |
|---|---|
| fixed length control field | 00461nam a2200157 4500 |
| 008 - ELEMENTOS DE LONGITUD FIJA -- INFORMACIÓN GENERAL | |
| fixed length control field | 0 1977 0a 000 0Mex |
| 020 ## - NÚMERO INTERNACIONAL NORMALIZADO PARA LIBROS | |
| ISBN | 968-18-0180-6 |
| 050 ## - SIGNATURA TOPOGRAFICA DE LA BIBLIOTECA DEL CONGRESO (LC) | |
| Número de Clasificación | QC311 V217 |
| 082 ## - NUMERO DE CLASIFICACION DECIMAL DEWEY | |
| Número de Clasificación | 536.7 T128f |
| 100 ## - ASIENTO PRINCIPAL--NOMBRE PERSONAL | |
| Nombre personal | Van Wylen, Gordon |
| 245 ## - TÍTULO | |
| Título | Fundamentos de termodinamica / Gordon Van Wylen, Richard E. Sonntag |
| 260 ## - PUBLICACIÓN, DISTRIBUCIÓN, ETC. (PIE DE IMPRENTA) | |
| Lugar de publicación, distribución, etc. | México : Limusa |
| 300 ## - DESCRIPCIÓN FÍSICA | |
| Extensión | 734 p. / 23 cm |
| 650 ## - ASIENTO SECUNDARIO DE MATERIA - TERMINO TEMÁTICO | |
| Término temático o nombre geográfico como elemento de entrada | 1. TERMODINAMICA |
| 700 ## - ASIENTO SECUNDARIO - NOMBRE PERSONAL | |
| Nombre personal | I. Sonntag, Richard E. coaut. |
| No. biblioteca | No. biblioteca | Número de clasificación | Código de barras/Número de adquisición | Número de copia | Tipo de material |
|---|---|---|---|---|---|
| LUIS G. INCLAN | LUIS G. INCLAN | 536.7 T128f | 5599 | 2 | Libros |
| LUIS G. INCLAN | LUIS G. INCLAN | 536.7 T128f | 5600 | 3 | Libros |
| LUIS G. INCLAN | LUIS G. INCLAN | 536.7 T128f | 5601 | 4 | Libros |
| LUIS G. INCLAN | LUIS G. INCLAN | 536.7 T128f | 5602 | 5 | Libros |
| LUIS G. INCLAN | LUIS G. INCLAN | 536.7 T128f | 13707 | 6 | Libros |
